00639cam a22002411 4500001001300000003000400013005001700017008004100034010001700075025001900092035002000111040002100131042001200152050001800164100005700182245003400239260001100273300001800284500001700302504002500319650003600344999001700380sa 64002753 DLC20260227112011.0941027s1962 ii b 000 0 gujo  asa 64002753  aPL480:I-Gu-145 a(OCoLC)31368317 aDLCcCUdCUdDLC apremarc00aLB775.M8bB481 aBhaṭṭa, Mūḷaśaṅkara Mohanalāla,d1907-10aGharamāṃ bāḷamandira. c[1962] a32 p.c18 cm. aIn Gujarati. aBibliography: p. 32. 0aMontessori method of education. c57486d57486